00668nam a2200241 a 4500001001300000003000900013005001700022008004100039020001000080082001500090100002100105245003300126260003300159300000900192500003500201505001000236650002100246700002100267902000800288942000700296952010800303999001500411nice12345678IN_TiNIC20260116012541.0050524s1927 lona grp 000 0 eng  ac10000a234.2bGAL aGalloway, George aFaith and Reason in Religion aLondonbNisbet and Co.c1927 a231p aincludes index and biblioraphy2 aIndex aFaith and Reason1 aGalloway, George bSRS cBK 00104070aHMIbHMId2008-03-06g100.00l2o234.2 GALp12580r2024-01-30s2024-01-29w2026-01-16yARB c7434d7434